000 00220nam a22000857a 4500
008 160712b xxu||||| |||| 00| 0 eng d
100 _92616
_a McGee, J.V
245 _aThe Best Love
260 _aCali
_b Thru The Bible Book
_c1977
999 _c2271
_d2271